Pháp lệnh về ký kết và thực hiện điều ước quốc tế
v.v...
Đã lưu trong:
| Định dạng: | Sách |
|---|---|
| Năm xuất bản: |
H.
Chính trị Quốc gia
1998
|
| Chủ đề: | |
| Tags: |
Thêm thẻ
Không có thẻ, Hãy là người đầu tiên gắn thẻ bản ghi này!
|
| LEADER | 01300nam a2200241 4500 | ||
|---|---|---|---|
| 082 | |a 341 |b PH109l. | ||
| 100 | |a | ||
| 245 | |a Pháp lệnh về ký kết và thực hiện điều ước quốc tế |c Nước Cộng hòa Xã hội Chủ nghĩa Việt Nam | ||
| 250 | |a | ||
| 260 | |a H. |b Chính trị Quốc gia |c 1998 | ||
| 300 | |a 33 tr. |c 19 cm | ||
| 520 | |a v.v... | ||
| 653 | |a Pháp luật | ||
| 653 | |a Việt Nam | ||
| 653 | |a Pháp lệnh | ||
| 653 | |a điều ước quốc tế | ||
| 942 | |2 ddc |c STK0 | ||
| 999 | |c 9650 |d 9650 | ||
| 952 | |0 0 |1 0 |2 ddc |4 0 |6 341_000000000000000_PH109L |7 0 |8 300 |9 76463 |a qbu |b qbu |c D2 |d 2015-05-25 |g 2800 |o 341 PH109l. |p 9551.c1 |r 0000-00-00 |w 2015-05-25 |y STK0 | ||
| 952 | |0 0 |1 0 |2 ddc |4 0 |6 341_000000000000000_PH109L |7 0 |8 300 |9 76464 |a qbu |b qbu |c D2 |d 2015-05-25 |g 2800 |o 341 PH109l. |p 9551.c2 |r 0000-00-00 |w 2015-05-25 |y STK0 | ||
| 952 | |0 0 |1 0 |2 ddc |4 0 |6 341_000000000000000_PH109L |7 0 |8 300 |9 76465 |a qbu |b qbu |c D2 |d 2015-05-25 |g 2800 |o 341 PH109l. |p 9551.c3 |r 0000-00-00 |w 2015-05-25 |y STK0 | ||
| 952 | |0 0 |1 0 |2 ddc |4 0 |6 341_000000000000000_PH109L |7 0 |8 300 |9 76466 |a qbu |b qbu |c D2 |d 2015-05-25 |g 2800 |o 341 PH109l. |p 9551.c4 |r 0000-00-00 |w 2015-05-25 |y STK0 | ||
| 952 | |0 0 |1 0 |2 ddc |4 0 |6 341_000000000000000_PH109L |7 0 |8 300 |9 76467 |a qbu |b qbu |c D2 |d 2015-05-25 |g 2800 |o 341 PH109l. |p 9551.c5 |r 0000-00-00 |w 2015-05-25 |y STK0 | ||